Movies Quiz

Random Movies or Actor Quiz

Academy Award Acting Nominees (2010s) Quiz Stats

 Plays Quiz not verified by Sporcle

Score 0/180 Timer 15:00
0 Plays Today
% Correct
Leonardo DiCaprio
97.2%
Leonardo DiCaprio
96.9%
Daniel Day-Lewis
96.9%
Colin Firth
96.8%
Meryl Streep
96.7%
Jennifer Lawrence
96.7%
Meryl Streep
96.7%
Jennifer Lawrence
96.7%
Jennifer Lawrence
96.7%
Brad Pitt
96.6%
Meryl Streep
96.5%
Daniel Day-Lewis
96.5%
Natalie Portman
96.3%
Natalie Portman
96.2%
Bradley Cooper
96.2%
Bradley Cooper
96.2%
Meryl Streep
96.1%
Bradley Cooper
96.1%
Jennifer Lawrence
96%
Meryl Streep
95.9%
Matt Damon
95.8%
Amy Adams
95.5%
Amy Adams
95.5%
Amy Adams
95.5%
Casey Affleck
95.5%
Denzel Washington
95.4%
Christian Bale
95.1%
Christian Bale
95.1%
Bradley Cooper
95.1%
Christian Bale
95.1%
Amy Adams
95.1%
Denzel Washington
94.9%
Michael Keaton
94.8%
Sandra Bullock
94.7%
Denzel Washington
94.7%
George Clooney
94.2%
Christian Bale
94.2%
Emma Stone
94.1%
Jeff Bridges
93.9%
Eddie Redmayne
93.9%
Lady Gaga
93.9%
Emma Stone
93.9%
Eddie Redmayne
93.9%
Ryan Gosling
93.9%
James Franco
93.8%
Emma Stone
93.7%
Jeff Bridges
93.6%
Jesse Eisenberg
93.3%
Gary Oldman
93.3%
Benedict Cumberbatch
93.2%
Hugh Jackman
92.7%
Cate Blanchett
92.5%
Jonah Hill
91.9%
Jonah Hill
91.9%
Cate Blanchett
91.9%
Julianne Moore
91.9%
Brie Larson
91.4%
Gary Oldman
91.3%
Frances McDormand
91.3%
Steve Carell
91.2%
% Correct
Robert De Niro
90.9%
Mark Ruffalo
90.8%
Mark Ruffalo
90.4%
Margot Robbie
90.3%
Matthew McConaughey
90.2%
Michelle Williams
90.1%
Christoph Waltz
89.8%
Michael Fassbender
89.8%
Sylvester Stallone
89.8%
Jared Leto
89.8%
Michelle Williams
89.7%
Michelle Williams
89.7%
Rooney Mara
89.7%
Mark Ruffalo
89.6%
Viggo Mortensen
89.5%
Rami Malek
89.5%
Viola Davis
89.5%
Rooney Mara
88.8%
Anne Hathaway
88.7%
Saoirse Ronan
88.6%
Jessica Chastain
88.3%
Jessica Chastain
88.3%
Saoirse Ronan
88.3%
Felicity Jones
88.2%
Reese Witherspoon
88%
Viola Davis
88%
Michael Fassbender
88%
Mahershala Ali
88%
Judi Dench
87.8%
J.K. Simmons
87.8%
Andrew Garfield
87.4%
Glenn Close
87.3%
Nicole Kidman
87.2%
Tommy Lee Jones
86.5%
Ethan Hawke
85.8%
Melissa McCarthy
85.8%
Edward Norton
85.6%
Rosamund Pike
84.9%
Octavia Spencer
84.8%
Laura Dern
84.7%
Christopher Plummer
84.6%
Bruce Dern
84.6%
Bryan Cranston
84.1%
Nicole Kidman
84%
Jean Dujardin
83.8%
Joaquin Phoenix
83.8%
Woody Harrelson
83.5%
Octavia Spencer
83.5%
Mahershala Ali
83.4%
Tom Hardy
83.3%
Rachel McAdams
83.2%
Philip Seymour Hoffman
83.1%
Melissa McCarthy
83%
Willem Dafoe
82.9%
Patricia Arquette
82.8%
Javier Bardem
82.5%
Octavia Spencer
82.5%
Julia Roberts
82.3%
Viggo Mortensen
82.2%
Keira Knightley
81.9%
% Correct
Geoffrey Rush
81.8%
Adam Driver
81.4%
Sam Rockwell
81.2%
Christopher Plummer
81.1%
Chiwetel Ejiofor
81%
Melissa Leo
81%
Helena Bonham Carter
80.9%
Sally Field
80.9%
Dev Patel
80.8%
Kate Winslet
80.7%
Sam Rockwell
80.4%
Glenn Close
79.7%
Rachel Weisz
79.7%
Annete Bening
79.7%
Robert Duvall
79.5%
Olivia Colman
79.5%
Willem Dafoe
79.4%
Allison Janney
79.3%
Mark Rylance
77.8%
Jeremy Renner
77.8%
Lupita Nyong'o
77.3%
Alicia Vikander
77.1%
Jennifer Jason Leigh
77%
Sally Hawkins
76.9%
Timothée Chalamet
76.3%
Naomi Watts
75.3%
Alan Arkin
75.3%
Quvenzhané Wallis
74.4%
Regina King
74.1%
Daniel Kaluuya
71.9%
Marion Cotillard
71.8%
Sally Hawkins
71.5%
Sam Elliott
71.4%
Hailee Steinfeld
70.2%
Ruth Negga
68.6%
Richard Jenkins
68.4%
Michael Shannon
67.3%
Mary J. Blige
67%
Laurie Metcalf
66.7%
Helen Hunt
66.2%
Lucas Hedges
66%
Richard E. Grant
65.5%
Charlotte Rampling
65.3%
Naomie Harris
65.1%
Jacki Weaver
65%
Jacki Weaver
65%
Isabelle Huppert
62.5%
Kenneth Branagh
61.9%
June Squibb
61.6%
Barkhad Abdi
61.4%
Nick Nolte
61.2%
Emmanuelle Riva
60.9%
John Hawkes
58.9%
Max von Sydow
58.4%
Bérénice Bejo
57.2%
Yalitza Aparicio
57.2%
Demián Bichir
55.9%
Lesley Manville
53.2%
Marina de Tavira
50.6%
Janet McTeer
47.8%

You're not logged in!

Compare scores with friends on all Sporcle quizzes.
OR
Log In

Sporcle TV

Today on Sporcle TV


Watch our educational content, quiz creation guides, and fun videos on Sporcle TV.

Show Comments

Extras

Top Quizzes Today


Score Distribution

Your Account Isn't Verified!

In order to create a playlist on Sporcle, you need to verify the email address you used during registration. Go to your Sporcle Settings to finish the process.

Report this User

Report this user for behavior that violates our Community Guidelines.

Details: